<?xml version="1.0" encoding="UTF-8"?>
<collection xmlns="http://www.loc.gov/MARC21/slim">
 <record>
  <leader>01906nam a22002417a 4500</leader>
  <controlfield tag="001">NCT_41829</controlfield>
  <controlfield tag="008">180615b        xxu||||| |||| 00| 0 vie d</controlfield>
  <datafield tag="999" ind1=" " ind2=" ">
   <subfield code="c">2010</subfield>
   <subfield code="d">2010</subfield>
  </datafield>
  <datafield tag="020" ind1=" " ind2=" ">
   <subfield code="a">9786040055255</subfield>
   <subfield code="c">80000</subfield>
  </datafield>
  <datafield tag="082" ind1="0" ind2="4">
   <subfield code="2">23rd ed.</subfield>
   <subfield code="a">495.922</subfield>
   <subfield code="b">Gi109</subfield>
  </datafield>
  <datafield tag="100" ind1="1" ind2=" ">
   <subfield code="a">Nguyễn Thiện Giáp</subfield>
  </datafield>
  <datafield tag="245" ind1="1" ind2="0">
   <subfield code="a">Nghĩa học Việt ngữ</subfield>
   <subfield code="c">Nguyễn Thiện Giáp</subfield>
  </datafield>
  <datafield tag="250" ind1=" " ind2=" ">
   <subfield code="a">Tái bản lần thứ nhất</subfield>
  </datafield>
  <datafield tag="260" ind1=" " ind2=" ">
   <subfield code="a">H.</subfield>
   <subfield code="b">Giáo dục Việt Nam</subfield>
   <subfield code="c">2016</subfield>
  </datafield>
  <datafield tag="300" ind1=" " ind2=" ">
   <subfield code="a">327 tr.</subfield>
   <subfield code="b">minh họa</subfield>
   <subfield code="c">24cm</subfield>
  </datafield>
  <datafield tag="520" ind1="3" ind2=" ">
   <subfield code="a">Sách đặt ngữ nghãi học vào phạm vi của ngôn ngữ học và khảo sát theo cách của Bộ môn Ngôn ngữ học nghiên cứu ý nghĩa. Trong hệ thống tiếng Việt có năm cấp độ: Âm vị học, Từ vựng học, Cú pháp học, Ngữ nghĩa học và Biểu trưng học. Trong khi Âm vị học, Từ vựng học, Cú pháp học nghiên cứu cấu trúc của những khả năng biểu hiện thì Ngữ nghĩa học và Biểu trưng học nghiên cứu những ý nghĩa có thể được biểu hiện.</subfield>
  </datafield>
  <datafield tag="653" ind1=" " ind2=" ">
   <subfield code="a">Quan hệ công chúng</subfield>
  </datafield>
  <datafield tag="942" ind1=" " ind2=" ">
   <subfield code="2">ddc</subfield>
   <subfield code="c">BK</subfield>
  </datafield>
  <datafield tag="952" ind1=" " ind2=" ">
   <subfield code="0">0</subfield>
   <subfield code="1">0</subfield>
   <subfield code="2">ddc</subfield>
   <subfield code="4">0</subfield>
   <subfield code="6">495_922000000000000_GI109</subfield>
   <subfield code="7">0</subfield>
   <subfield code="9">10760</subfield>
   <subfield code="a">000001</subfield>
   <subfield code="b">000001</subfield>
   <subfield code="d">2018-06-15</subfield>
   <subfield code="o">495.922 Gi109</subfield>
   <subfield code="p">MD.09587</subfield>
   <subfield code="r">2018-06-15</subfield>
   <subfield code="v">80000.00</subfield>
   <subfield code="w">2018-06-15</subfield>
   <subfield code="y">BK</subfield>
  </datafield>
  <datafield tag="952" ind1=" " ind2=" ">
   <subfield code="0">0</subfield>
   <subfield code="1">0</subfield>
   <subfield code="2">ddc</subfield>
   <subfield code="4">0</subfield>
   <subfield code="6">495_922000000000000_GI109</subfield>
   <subfield code="7">0</subfield>
   <subfield code="9">10761</subfield>
   <subfield code="a">000001</subfield>
   <subfield code="b">000001</subfield>
   <subfield code="d">2018-06-15</subfield>
   <subfield code="o">495.922 Gi109</subfield>
   <subfield code="p">MD.09588</subfield>
   <subfield code="r">2018-06-15</subfield>
   <subfield code="v">80000.00</subfield>
   <subfield code="w">2018-06-15</subfield>
   <subfield code="y">BK</subfield>
  </datafield>
  <datafield tag="952" ind1=" " ind2=" ">
   <subfield code="0">0</subfield>
   <subfield code="1">0</subfield>
   <subfield code="2">ddc</subfield>
   <subfield code="4">0</subfield>
   <subfield code="6">495_922000000000000_GI109</subfield>
   <subfield code="7">0</subfield>
   <subfield code="9">10762</subfield>
   <subfield code="a">000001</subfield>
   <subfield code="b">000001</subfield>
   <subfield code="d">2018-06-15</subfield>
   <subfield code="o">495.922 Gi109</subfield>
   <subfield code="p">MD.09589</subfield>
   <subfield code="r">2018-06-15</subfield>
   <subfield code="v">80000.00</subfield>
   <subfield code="w">2018-06-15</subfield>
   <subfield code="y">BK</subfield>
  </datafield>
  <datafield tag="952" ind1=" " ind2=" ">
   <subfield code="0">0</subfield>
   <subfield code="1">0</subfield>
   <subfield code="2">ddc</subfield>
   <subfield code="4">0</subfield>
   <subfield code="6">495_922000000000000_GI109</subfield>
   <subfield code="7">0</subfield>
   <subfield code="9">10763</subfield>
   <subfield code="a">000001</subfield>
   <subfield code="b">000001</subfield>
   <subfield code="d">2018-06-15</subfield>
   <subfield code="o">495.922 Gi109</subfield>
   <subfield code="p">MD.09590</subfield>
   <subfield code="r">2018-06-15</subfield>
   <subfield code="v">80000.00</subfield>
   <subfield code="w">2018-06-15</subfield>
   <subfield code="y">BK</subfield>
  </datafield>
  <datafield tag="980" ind1=" " ind2=" ">
   <subfield code="a">Thư viện Trường Đại học Nam Cần Thơ</subfield>
  </datafield>
 </record>
</collection>
